Лабораторный практикум по общей и неорганической химии: учебное пособие

Bibliografische gegevens
Hoofdauteur: Стась Н. Ф. Николай Фёдорович
Andere auteurs: Плакидкин А. А. Александр Анатольевич, Князева Е. М. Елена Михайловна
Samenvatting:Пособие содержит описание лабораторных работ по основным разделам дисциплины а также работ, содержание которых учитывает разнообразие специальностей технических университетов. Пособие входит в основную часть учебно-методического комплекса кафедры общей и неорганической химии Томского политехнического университета. Предназначено для студентов химических и нехимических направлений и специальностей технических университетов.
Taal:Russisch
Gepubliceerd in: Москва, АльянС, 2022
Editie:Стереотипное издание
Onderwerpen:
Formaat: MixedMaterials Boek
KOHA link:https://koha.lib.tpu.ru/cgi-bin/koha/opac-detail.pl?biblionumber=346869

MARC

LEADER 00000nam0a2200000 4500
001 346869
005 20240219144610.0
010 |a 9785001065401 
035 |a (RuTPU)RU\TPU\book\378754 
035 |a RU\TPU\book\148152 
035 |a RU\TPU\book\286828 
090 |a 346869 
100 |a 20140611d2022 m y0rusy50 ca 
101 0 |a rus 
102 |a RU 
105 |a y j 000zy 
200 1 |a Лабораторный практикум по общей и неорганической химии  |e учебное пособие  |f Н. Ф. Стась, А. А. Плакидкин, Е. М. Князева 
205 |a Стереотипное издание 
210 |a Москва  |c АльянС  |d 2022 
215 |a 207 с. 
320 |a Библиогр.: с. 205 
330 |a Пособие содержит описание лабораторных работ по основным разделам дисциплины а также работ, содержание которых учитывает разнообразие специальностей технических университетов. Пособие входит в основную часть учебно-методического комплекса кафедры общей и неорганической химии Томского политехнического университета. Предназначено для студентов химических и нехимических направлений и специальностей технических университетов. 
451 1 |0 (RuTPU)RU\TPU\book\126454  |y 978-5-06-005749-2  |t Лабораторный практикум по общей и неорганической химии  |o учебное пособие  |f Н. Ф. Стась, А. А. Плакидкин, Е. М. Князева  |c М.  |n Высшая школа  |d 2008  |p 215 с.  |a Стась, Николай Фёдорович 
451 1 |0 (RuTPU)RU\TPU\book\130799  |t Лабораторный практикум по общей и неорганической химии  |o учебное пособие  |f Н. Ф. Стась, А. А. Плакидкин, Е. М. Князева  |g Томский политехнический университет  |c Томск  |n Изд-во ТПУ  |d 2006  |p 150 с.  |s Естественные науки  |a Стась, Николай Фёдорович 
606 1 |a Химия общая  |2 stltpush  |3 (RuTPU)RU\TPU\subj\67862  |9 83510 
606 1 |a Неорганическая химия  |2 stltpush  |3 (RuTPU)RU\TPU\subj\67586  |9 83311 
610 1 |a атомно-молекулярное учение 
610 1 |a химические реакции 
610 1 |a растворы 
610 1 |a электрохимические процессы 
610 1 |a комплексные соединения 
610 1 |a качественные реакции 
610 1 |a химические элементы 
610 1 |a неорганические вещества 
610 1 |a синтез 
610 1 |a лабораторные работы 
610 1 |a учебные пособия 
610 1 |a труды учёных ТПУ 
675 |a 54(076.5)  |v 3 
675 |a 546(076.5)  |v 3 
700 1 |a Стась  |b Н. Ф.  |c химик  |c доцент Томского политехнического университета, кандидат химических наук  |f 1939-  |g Николай Фёдорович  |3 (RuTPU)RU\TPU\pers\25192 
701 1 |a Плакидкин  |b А. А.  |c российский химик  |c доцент Томского политехнического университета  |g Александр Анатольевич  |3 (RuTPU)RU\TPU\pers\26867 
701 1 |a Князева  |b Е. М.  |c химик  |c доцент Томского политехнического университета, кандидат химических наук  |f 1956-  |g Елена Михайловна  |3 (RuTPU)RU\TPU\pers\26753  |9 12396 
801 1 |a RU  |b 63413507  |c 20211125 
801 2 |a RU  |b 63413507  |c 20220113  |g RCR 
942 |c BK